His Cheeseburger-Veggietales Lyrics - Statistics

General Stats
  • This quiz has been taken 58 times
  • The average score is 186 of 255
Answer Stats
Answer % Correct
a
95%
an
93%
cheese
93%
Burger
91%
And
89%
and
89%
to
89%
To
89%
for
86%
He
86%
he
86%
I
86%
"I
86%
the
86%
you
86%
you,
86%
You
86%
at
84%
now
84%
said
84%
said,
84%
She
84%
am
82%
are
82%
be
82%
Be
82%
cheeseburger
82%
Cheeseburger,
82%
his
82%
His
82%
wait
82%
we
82%
Bell?'
80%
closed
80%
He'll
80%
he'll
80%
her,
80%
hungry
80%
like
80%
then"
80%
as
77%
but
77%
But
77%
him,
77%
is
77%
milkshake
77%
Oh,
77%
open
77%
so
77%
ten"
77%
this
77%
well"
77%
we're
77%
can
75%
eggs
75%
"Isn't
75%
it
75%
tomorrow
75%
until
75%
will
75%
"Yes,
75%
Bacon
73%
can't
73%
'Cause
73%
either"
73%
guess
73%
half
73%
"I'd
73%
price
73%
you're
73%
Denny's
70%
do
70%
extremely
70%
might
70%
on
70%
When
70%
ya
68%
back
66%
get
66%
have
66%
of
66%
sunrise
66%
would
66%
yummy
66%
angry
64%
dozed
64%
not
64%
off
64%
once
64%
or
64%
please
64%
twice
64%
could
61%
How
61%
offer?
61%
really
61%
some
61%
such
61%
till
61%
billboard
59%
here
59%
lunch
59%
may
59%
munch
59%
needed
59%
something
59%
stayed
59%
drive-thru
57%
spotted
57%
tasty
57%
if
55%
loves
52%
resist
52%
world
52%
knees
50%
lovely
50%
out
50%
ran
50%
hands
48%
down
45%
eat
45%
suddenly
45%
all
43%
apart
43%
heart
43%
nothin'
43%
that
43%
two
43%
with
43%
tear
41%
dirt
39%
in
39%
long,
39%
see
39%
Won't
39%
Clean
36%
gonna
36%
precious
36%
dirty
34%
just
34%
wash
34%
Wipe
32%
Dropped
30%
someone
30%
accidentally
25%
there's
23%
No matching quizzes found
Score Distribution
Percent of People with Each Score
Percentile by Number Answered
Your Score History
You have not taken this quiz